logo

Bir Sreshtho Munshi Abdur Rouf Library
Jhenaidah Cadet College

The Kite Runner / (Record no. 11433)

MARC details
000 -LEADER
fixed length control field 00568nam a2200229 a 4500
001 - CONTROL NUMBER
JCCL Control Number 11433
003 - CONTROL NUMBER IDENTIFIER
JCCL marc code BD-JhCC
005 - DATE AND TIME OF LATEST TRANSACTION
control field 20220825134022.0
008 - FIXED-LENGTH DATA ELEMENTS--GENERAL INFORMATION
fixed length control field 190615t20032013ii |||| ||a| 000 0 eng d
020 ## - INTERNATIONAL STANDARD BOOK NUMBER
International Standard Book Number 9781408850251
035 ## - SYSTEM CONTROL NUMBER
system control number (BD-JhCC)11433
040 ## - CATALOGING SOURCE
Original cataloging agency BD-JhCC
Modifying agency BD-JhCC
041 ## - LANGUAGE CODE
Language code of Book eng
082 ## - DEWEY DECIMAL CLASSIFICATION NUMBER
Author mark and Year HOS 2013
Classification number 813.6
100 ## - MAIN ENTRY--PERSONAL NAME
Personal name Hosseini, Khaled
245 ## - TITLE STATEMENT
Title The Kite Runner /
Statement of responsibility, etc Khaled Hosseini .
260 ## - PUBLICATION, DISTRIBUTION, ETC. (IMPRINT)
Place of publication, distribution, etc India:
Name of publisher, distributor, etc Thomson press;
Date of publication, distribution, etc 2013.
300 ## - PHYSICAL DESCRIPTION
Pagination 343 . :
Dimensions 20 cm.
650 ## - SUBJECT ADDED ENTRY--TOPICAL TERM
Topical term or geographic name as entry element Male friendship
942 ## - ADDED ENTRY ELEMENTS (KOHA)
Source of classification or shelving scheme Dewey Decimal Classification
Koha item type Books
Koha issues (borrowed), all copies 21
Holdings
Source of classification or shelving scheme Damaged status Not for loan Home library Current library Shelving location Date of accession Total Checkouts Full call number Barcode Checked out Date last seen Date checked out Copy number Koha item type
Dewey Decimal Classification     JCC Rouf Library JCC Rouf Library General Stacks 06/15/2019 21 813.6 HOS 2013 15028 07/10/2025 06/16/2025 06/16/2025 C-1 Books

JCC Library | Contacts | JCC Home

Last Update on 23 September 2017
Copyright @ 2017-2020 JCC Rouf Library
Rouf Library, Jhenidah Cadet College (JCC), Bangladesh